| 000 | 00415 a2200157 4500 | ||
|---|---|---|---|
| 001 | 169253 | ||
| 020 | _a | ||
| 040 | _cMagnum | ||
| 100 | _aSousa, Eustaquia Salvadora de (Org.) | ||
| 240 | 1 | 0 |
_aTrilhas e partilhas: educacao fisica na cultura escolar _lpor |
| 245 | 1 | 0 | _aTrilhas e partilhas: educacao fisica na cultura escolar |
| 362 | 0 | _a1899 | |
| 440 | 1 | _aCultura | |
| 697 | _aEDUCACAO FISICA | ||
| 942 | _cBK | ||
| 999 |
_c169253 _d169253 |
||